000
00285nam a22001337a 4500
008
170920b xxu||||| |||| 00| 0 eng d
020
_a
0150040318
041
_a
eng
080
_a
7
100
_a
44
101
_a
ART
245
_a
THE HOUSE OF HAPSBURG
_c
MILTON, J
942
_2
udc
_c
BK
999
_c
28391
_d
28391